Podium du Rallye Pays d'Olliergues - Statistiques

Statistiques générales
  • Ce quiz a été pris 7 fois
    2 depuis la dernière actualisation
  • Le résultat moyen est 7 sur 23
Statistiques - réponses
Vainqueur % Correct
Alexis Delorme
100%
Cédric Robert
100%
Louis Durand
100%
Thierry Faye
100%
Claude Londiche
50%
Jean-Bapiste Franceschi
50%
Jean-Marie Cuoq
50%
Kévin Duret
50%
Pascal Bérard
50%
Thibault Habouzit
50%
Anthony Puppo
0%
Antoine Chantelauze
0%
Arnaud Masclaux
0%
Aurélien Lafont
0%
Bastien Guiot
0%
Dominique Subert
0%
Guillaume Sirot
0%
Laurent Duvert
0%
Laurent Lacomy
0%
Loic Bisson
0%
Philippe Charlaix
0%
Rémy Risaletto
0%
Stéphane Brun
0%
Aucun quiz correspondant
Distribution des résultats
% des personnes avec chaque résultat
Percentile par nombre de réponses
Votre historique - résultats
Vous n’avez pas pris ce quiz depuis la dernière actualisation